00486nam a2200145Ia 4500008004100000041000800041082002400049100002000073245003200093260003500125300002400160365000900184999001500193952013200208240624s9999 xx 000 0 und d aeng a338.76100416092 DEU aDEUTSCHMAN ALAN aSECOND COMING OF STEVE JOBS c2001aNew YorkbBroadway Books a335 , p. , 19 , cm. cb30 c7497d7497 00104070aIMTNbIMTNcRack 13-Ad2007-11-28eRBCg19.00o338.76100416092 DEUp7497r2024-06-24 00:00:00t41.8w2024-06-24yBK